<?xml version="1.0" encoding="UTF-8"?>
<record
    xmlns:xsi="http://www.w3.org/2001/XMLSchema-instance"
    xsi:schemaLocation="http://www.loc.gov/MARC21/slim http://www.loc.gov/standards/marcxml/schema/MARC21slim.xsd"
    xmlns="http://www.loc.gov/MARC21/slim">

  <leader>00882nam0a22002531  4500</leader>
  <controlfield tag="001">rc\979529</controlfield>
  <controlfield tag="005">20250622064335.0</controlfield>
  <datafield tag="035" ind1=" " ind2=" ">
    <subfield code="a">(NLR Aleph) 006147691</subfield>
  </datafield>
  <datafield tag="090" ind1=" " ind2=" ">
    <subfield code="a">5728887</subfield>
    <subfield code="c">5728887</subfield>
  </datafield>
  <datafield tag="100" ind1=" " ind2=" ">
    <subfield code="a">20041129d1982    |||y0rusy50      ca</subfield>
  </datafield>
  <datafield tag="101" ind1="0" ind2=" ">
    <subfield code="a">rus</subfield>
  </datafield>
  <datafield tag="102" ind1=" " ind2=" ">
    <subfield code="a">RU</subfield>
  </datafield>
  <datafield tag="105" ind1=" " ind2=" ">
    <subfield code="a">a   |||||||||</subfield>
  </datafield>
  <datafield tag="200" ind1="1" ind2=" ">
    <subfield code="a">&#x411;&#x435;&#x441;&#x435;&#x434;&#x44B; &#x441; &#x41C;&#x430;&#x439;&#x43E;&#x43B;&#x435;&#x43C;</subfield>
    <subfield code="e">[&#x421;&#x43E;&#x43A;&#x440;. &#x43F;&#x435;&#x440;. &#x441; &#x444;&#x440;.]</subfield>
    <subfield code="f">[&#x412;&#x441;&#x442;&#x443;&#x43F;. &#x441;&#x442;., &#x441;. 3-27, &#x438; &#x43F;&#x440;&#x438;&#x43C;&#x435;&#x447;. &#x41D;.&#x412;. &#x410;&#x43F;&#x447;&#x438;&#x43D;&#x441;&#x43A;&#x43E;&#x439;]</subfield>
  </datafield>
  <datafield tag="210" ind1=" " ind2=" ">
    <subfield code="a">&#x41B;.</subfield>
    <subfield code="c">&#x418;&#x441;&#x43A;&#x443;&#x441;&#x441;&#x442;&#x432;&#x43E;. &#x41B;&#x435;&#x43D;&#x438;&#x43D;&#x433;&#x440;. &#x43E;&#x442;&#x434;-&#x43D;&#x438;&#x435;</subfield>
    <subfield code="d">1982</subfield>
  </datafield>
  <datafield tag="215" ind1=" " ind2=" ">
    <subfield code="a">193 &#x441;., 11 &#x43B;. &#x438;&#x43B;., &#x446;&#x432;. &#x438;&#x43B;.</subfield>
    <subfield code="d">20</subfield>
  </datafield>
  <datafield tag="300" ind1=" " ind2=" ">
    <subfield code="a">&#x41F;&#x435;&#x440;&#x435;&#x432;&#x43E;&#x434; &#x438;&#x437;&#x434;.: Conversations de Maillol / Henry Frere (Geneve, 1956)</subfield>
  </datafield>
  <datafield tag="600" ind1=" " ind2="1">
    <subfield code="a">&#x41C;&#x430;&#x439;&#x43E;&#x43B;&#x44C;</subfield>
    <subfield code="b">&#x410;.</subfield>
    <subfield code="g">&#x410;&#x440;&#x438;&#x441;&#x442;&#x438;&#x434;</subfield>
    <subfield code="2">psbo</subfield>
  </datafield>
  <datafield tag="700" ind1=" " ind2="1">
    <subfield code="a">&#x424;&#x440;&#x435;&#x440;</subfield>
    <subfield code="b">&#x410;.</subfield>
    <subfield code="g">&#x410;&#x43D;&#x440;&#x438;</subfield>
  </datafield>
  <datafield tag="801" ind1=" " ind2="0">
    <subfield code="a">RU</subfield>
    <subfield code="b">NLR</subfield>
    <subfield code="g">psbo</subfield>
  </datafield>
  <datafield tag="801" ind1=" " ind2="1">
    <subfield code="a">RU</subfield>
    <subfield code="b">ELAR</subfield>
    <subfield code="2">rusmarc</subfield>
  </datafield>
  <datafield tag="852" ind1=" " ind2=" ">
    <subfield code="a">NLR</subfield>
    <subfield code="j">83-3/3474</subfield>
  </datafield>
  <datafield tag="942" ind1=" " ind2=" ">
    <subfield code="c">BOOK</subfield>
  </datafield>
  <datafield tag="980" ind1=" " ind2=" ">
    <subfield code="a">NB</subfield>
  </datafield>
  <datafield tag="995" ind1=" " ind2=" ">
    <subfield code="5">2013-10-26</subfield>
    <subfield code="b">NLR01</subfield>
    <subfield code="c">NLR01</subfield>
    <subfield code="e">RF9</subfield>
    <subfield code="f">1-88827</subfield>
    <subfield code="k">83-3/3474</subfield>
    <subfield code="o">0</subfield>
    <subfield code="r">BOOK</subfield>
    <subfield code="s">8333474_</subfield>
  </datafield>
  <datafield tag="995" ind1=" " ind2=" ">
    <subfield code="5">2014-04-11</subfield>
    <subfield code="b">NLR01</subfield>
    <subfield code="c">NLR01</subfield>
    <subfield code="e">OZ2</subfield>
    <subfield code="f">1-462099</subfield>
    <subfield code="k">&#x41B;1 &#x429;133(4-8)-8/&#x41C;-147-&#x424;</subfield>
    <subfield code="o">0</subfield>
    <subfield code="p">0.85</subfield>
    <subfield code="r">BOOK</subfield>
    <subfield code="s">1_133488147</subfield>
  </datafield>
</record>
